Statistics for Arabian Flags Quiz

Click here to take the quiz!

General Stats

  • This quiz has been taken 95 times
  • The average score is 8 of 8

Answer Stats

Answer% Correct
Saudi Arabia
100%
Iran
99%
Yemen
99%
Qatar
98%
United Arab Emirates
96%
Oman
95%
Kuwait
94%
Bahrain
93%

Score Distribution

Percentile by Number Answered

Percent of People with Each Score

Your Score History

You have not taken this quiz